Data Structures with C (Record no. 5664)
[ view plain ]
| 000 -LEADER | |
|---|---|
| fixed length control field | 00343nam a2200145Ia 4500 |
| 008 - FIXED-LENGTH DATA ELEMENTS--GENERAL INFORMATION | |
| fixed length control field | 191201s2013 xx 000 0 und d |
| 082 ## - DEWEY DECIMAL CLASSIFICATION NUMBER | |
| Classification number | 005.133 |
| Item number | LID |
| 100 ## - MAIN ENTRY--PERSONAL NAME | |
| Personal name | LIPSCHUTZ, Seymour |
| 245 #0 - TITLE STATEMENT | |
| Title | Data Structures with C |
| 250 ## - EDITION STATEMENT | |
| Edition statement | Rep |
| 260 ## - PUBLICATION, DISTRIBUTION, ETC. (IMPRINT) | |
| Place of publication, distribution, etc | N. delhi |
| Name of publisher, distributor, etc | TMH |
| Date of publication, distribution, etc | 2013 |
| 300 ## - PHYSICAL DESCRIPTION | |
| Extent | MISC |
| 650 ## - SUBJECT ADDED ENTRY--TOPICAL TERM | |
| Topical term or geographic name as entry element | B.Tech(CSE) |
| 942 ## - ADDED ENTRY ELEMENTS (KOHA) | |
| Source of classification or shelving scheme | Dewey Decimal Classification |
| Koha item type | Text Books |
| 942 ## - ADDED ENTRY ELEMENTS (KOHA) | |
| -- | 145 |
| Withdrawn status | Lost status | Source of classification or shelving scheme | Damaged status | Not for loan | Collection code | Home library | Current library | Date acquired | Source of acquisition | Cost, normal purchase price | Bill Number | Total Checkouts | Full call number | Acc. no. / Barcode | Checked out | Date last seen | Bill Date | Koha item type | Date last borrowed | Public note |
|---|---|---|---|---|---|---|---|---|---|---|---|---|---|---|---|---|---|---|---|---|
| Dewey Decimal Classification | B.Tech(CSE) | PIET C-LIBRARY | PIET C-LIBRARY | 09/05/2013 | IBH, New Delhi | 395.00 | 1021 | 005.133 LID | 21960 | 12/10/2018 | 04/12/2019 | 06/05/2013 | Text Books | |||||||
| Dewey Decimal Classification | B.Tech(CSE) | PIET C-LIBRARY | PIET C-LIBRARY | 09/05/2013 | IBH, New Delhi | 395.00 | 1021 | 21 | 005.133 LID | 21961 | 10/03/2026 | 06/05/2013 | Text Books | 25/02/2026 | ||||||
| Dewey Decimal Classification | B.Tech(CSE) | PIET C-LIBRARY | PIET C-LIBRARY | 09/05/2013 | IBH, New Delhi | 395.00 | 1021 | 1 | 005.133 LID | 21962 | 18/09/2021 | 06/05/2013 | Text Books | 06/09/2021 | Damage | |||||
| Dewey Decimal Classification | B.Tech(CSE) | PIET C-LIBRARY | PIET C-LIBRARY | 09/05/2013 | IBH, New Delhi | 395.00 | 1021 | 25 | 005.133 LID | 21963 | 16/12/2025 | 06/05/2013 | Text Books | 02/12/2025 | ||||||
| Dewey Decimal Classification | B.Tech(CSE) | PIET C-LIBRARY | PIET C-LIBRARY | 09/05/2013 | IBH, New Delhi | 395.00 | 1021 | 32 | 005.133 LID | 21964 | 09/12/2025 | 06/05/2013 | Text Books | 19/11/2025 | ||||||
| Dewey Decimal Classification | B.Tech(CSE) | PIET C-LIBRARY | PIET C-LIBRARY | 09/05/2013 | IBH, New Delhi | 395.00 | 1021 | 16 | 005.133 LID | 21965 | 10/12/2024 | 06/05/2013 | Text Books | 10/12/2024 | ||||||
| Dewey Decimal Classification | B.Tech(CSE) | PIET C-LIBRARY | PIET C-LIBRARY | 09/05/2013 | IBH, New Delhi | 395.00 | 1021 | 22 | 005.133 LID | 21966 | 24/03/2026 | 06/05/2013 | Text Books | 10/03/2026 | ||||||
| Dewey Decimal Classification | B.Tech(CSE) | PIET C-LIBRARY | PIET C-LIBRARY | 09/05/2013 | IBH, New Delhi | 395.00 | 1021 | 21 | 005.133 LID | 21967 | 21/04/2026 | 06/05/2013 | Text Books | 07/04/2026 | ||||||
| Dewey Decimal Classification | B.Tech(CSE) | PIET C-LIBRARY | PIET C-LIBRARY | 09/05/2013 | IBH, New Delhi | 395.00 | 1021 | 23 | 005.133 LID | 21968 | 20/05/2026 | 06/05/2013 | Text Books | 07/05/2026 | ||||||
| Dewey Decimal Classification | B.Tech(CSE) | PIET C-LIBRARY | PIET C-LIBRARY | 09/05/2013 | IBH, New Delhi | 395.00 | 1021 | 25 | 005.133 LID | 21969 | 02/09/2026 | 06/03/2026 | 06/05/2013 | Text Books | 06/03/2026 | |||||
| Dewey Decimal Classification | B.Tech(CSE) | PIET C-LIBRARY | PIET C-LIBRARY | 09/05/2013 | IBH, New Delhi | 395.00 | 1021 | 15 | 005.133 LID | 21970 | 17/01/2025 | 06/05/2013 | Text Books | 04/01/2024 | ||||||
| Dewey Decimal Classification | B.Tech(CSE) | PIET C-LIBRARY | PIET C-LIBRARY | 09/05/2013 | IBH, New Delhi | 395.00 | 1021 | 21 | 005.133 LID | 21971 | 12/05/2025 | 06/05/2013 | Text Books | 01/05/2025 | ||||||
| Dewey Decimal Classification | B.Tech(CSE) | PIET C-LIBRARY | PIET C-LIBRARY | 09/05/2013 | IBH, New Delhi | 395.00 | 1021 | 005.133 LID | 21972 | 04/12/2019 | 06/05/2013 | Reference Books | ||||||||
| Dewey Decimal Classification | B.Tech(CSE) | PIET C-LIBRARY | PIET C-LIBRARY | 09/05/2013 | IBH, New Delhi | 395.00 | 1021 | 30 | 005.133 LID | 21973 | 05/06/2026 | 06/05/2013 | Text Books | 20/05/2026 | ||||||
| Dewey Decimal Classification | B.Tech(CSE) | PIET C-LIBRARY | PIET C-LIBRARY | 09/05/2013 | IBH, New Delhi | 395.00 | 1021 | 1 | 005.133 LID | 21974 | 20/07/2022 | 21/01/2022 | 06/05/2013 | Text Books | 21/01/2022 | . |